Teoría de la computación (Record no. 1757)

MARC details
000 -LEADER
campo de control de longitud fija 02867cac a2200373 a 4500
003 - IDENTIFICADOR DE NÚMERO DE CONTROL
campo de control CO-BoRNBP
005 - FECHA Y HORA DE LA ÚLTIMA TRANSACCIÓN
campo de control 20240530150551.0
007 - CAMPO FIJO DE DESCRIPCIÓN FÍSICA--INFORMACIÓN GENERAL
campo de control de longitud fija ta
008 - DATOS DE LONGITUD FIJA--INFORMACIÓN GENERAL
campo de control de longitud fija 141031s9999 ck 000 0 spa d
020 ## - NÚMERO INTERNACIONAL ESTÁNDAR DEL LIBRO
Número Internacional Estándar del Libro 9786075000503
040 ## - FUENTE DE CATALOGACIÓN
Centro catalogador/agencia de origen CO-BoRNBP
Lengua de catalogación spa
Normas de descripción rda
Centro/agencia transcriptor CO-BoRNBP
082 04 - NÚMERO DE LA CLASIFICACIÓN DECIMAL DEWEY
Número de clasificación 004 C318t
Número de edición 22
100 1# - ENTRADA PRINCIPAL--NOMBRE DE PERSONA
Nombre de persona Carrión Viramontes, Jorge Eduardo
9 (RLIN) 14177
Término indicativo de función/relación autor
245 10 - MENCIÓN DEL TÍTULO
Título Teoría de la computación
Mención de responsabilidad, etc. / Jorge Eduardo Carrión Viramontes.
250 ## - MENCION DE EDICION
Mención de edición Primera edición
260 ## - PUBLICACIÓN, DISTRIBUCIÓN, ETC.
Lugar de publicación, distribución, etc. México
Nombre del editor, distribuidor, etc. : Limusa : Instituto Tecnológico y de Estudios Superiores de Monterrey,
264 ## - PRODUCCIÓN, PUBLICACIÓN, DISTRIBUCIÓN, FABRICACIÓN Y COPYRIGHT
Nombre del de productor, editor, distribuidor, fabricante Limusa
-- Tecnológico de Monterrey
Fecha de producción, publicación, distribución, fabricación o copyright 2009
300 ## - DESCRIPCIÓN FÍSICA
Extensión 246 páginas
Otras características físicas ilustraciones
Dimensiones 28 centímetros
Material acompañante/anejo 1 CD ROM
336 ## - TIPO DE CONTENIDO
Término de tipo de contenido texto
Código de tipo de contenido txt
Fuente rdacontent
337 ## - TIPO DE MEDIO
Nombre/término del tipo de medio sin mediación
Código del tipo de medio n
Fuente rdamedia
338 ## - TIPO DE SOPORTE
Nombre/término del tipo de soporte volumen
Código del tipo de soporte nc
Fuente rdacarrier
500 ## - NOTA GENERAL
Nota general El CD-Rom contiene ejemplos y bibliografía
500 ## - NOTA GENERAL
Nota general Incluye índice y glosario de términos
505 ## - NOTA DE CONTENIDO CON FORMATO
Nota de contenido con formato 1. Conceptos básicos. -- 2. Lenguajes regulares -- 3. Autómatas finitos deterministas. -- 4.Autómatas finitos no determinados. -- -5. Autómatas finitos y expresiones regulares. -- -6. Gramáticas regulares. -- 7. Gramáticas libres del contexto. -- 8. Lenguaje libres del contexto. -- 9. Autómatas de pila. -- 10. Maquinas de turing. -- 11. Gramáticas no restringidas. -- 12. Resolubilidad. -- 13.Computabilidad. --14.Complejidad.
520 ## - RESUMEN, ETC.
Sumario, etc. Este Libro Cubre la Necesidad de un Material Didáctico Que Contenga Los Fundamentos Para el Conocimientos y Comprensión de la Teoría de la Computación Estructurados de Una Manera Clara y Sencilla Siguiendo un Diseño Pedagógico Accesible y Práctico de Modo Que Resulta Útil Para el Docente de la Materia de Teoría de la Computación y Brinda Confianza y Seguridad Los Estudiantes en el Aprendizaje Eficaz Del Curso. Ofrece Las Bases Suficientes Para la Posterior Aplicación de Los Conceptos Contenidos en él en Diversas de la Ciencias Computacionales Tales Como el Desarrollo de Software de Base y el Diseño de Compiladores. También es un Buen Recurso de Consulta Para Los Estudiantes Que Incursionan en Algún Posgrado en Ciencias Computacionales. Ofrece Las Bases Suficientes Para la Posterior Aplicación de Los Conceptos Contenidos en él en Diversas de la Ciencias Computacionales Tales Como el Desarrollo de Software de Base y el Diseño de Compiladores. También es un Buen Recurso de Consulta Para Los Estudiantes Que Incursionan en Algún Posgrado en Ciencias Computacionales
650 10 - PUNTO DE ACCESO ADICIONAL DE MATERIA--TÉRMINO DE MATERIA
Término de materia o nombre geográfico como elemento de entrada Informatica
Fuente del encabezamiento o término LEMB
9 (RLIN) 12291
650 14 - PUNTO DE ACCESO ADICIONAL DE MATERIA--TÉRMINO DE MATERIA
Término de materia o nombre geográfico como elemento de entrada Computadores
Fuente del encabezamiento o término LEMB
9 (RLIN) 12515
650 14 - PUNTO DE ACCESO ADICIONAL DE MATERIA--TÉRMINO DE MATERIA
Término de materia o nombre geográfico como elemento de entrada Programas para computador
Fuente del encabezamiento o término LEMB
9 (RLIN) 12425
650 14 - PUNTO DE ACCESO ADICIONAL DE MATERIA--TÉRMINO DE MATERIA
Término de materia o nombre geográfico como elemento de entrada Computadores
Fuente del encabezamiento o término LEMB
Subdivisión de forma Historia
9 (RLIN) 14178
650 14 - PUNTO DE ACCESO ADICIONAL DE MATERIA--TÉRMINO DE MATERIA
Término de materia o nombre geográfico como elemento de entrada Algoritmos
Fuente del encabezamiento o término LEMB
9 (RLIN) 14179
650 14 - PUNTO DE ACCESO ADICIONAL DE MATERIA--TÉRMINO DE MATERIA
Fuente del encabezamiento o término LEMB
Término de materia o nombre geográfico como elemento de entrada Lenguajes de programación
Subdivisión general Computadores
9 (RLIN) 14180
942 ## - ELEMENTOS DE ENTRADA SECUNDARIOS (KOHA)
Fuente del sistema de clasificación o colocación Clasificación Decimal Dewey
Tipo de ítem Koha Libros
Holdings
Estatus retirado Estado de pérdida Fuente del sistema de clasificación o colocación Estado de daño No para préstamo Biblioteca de origen Biblioteca actual Fecha de adquisición Total de préstamos Signatura topográfica completa Código de barras Visto por última vez Copia número Precio de reemplazo Tipo de ítem Koha
    Clasificación Decimal Dewey     BIBLIOTECA PÚBLICA MUNICIPAL RAMON CORREA MEJIA BIBLIOTECA PÚBLICA MUNICIPAL RAMON CORREA MEJIA 02/10/2023   004 C318t 34497 02/10/2023 Ej.1 02/10/2023 Libros

Powered by Koha